• 首页
  • 本馆介绍
  • 公告通知
  • 最新文献
  • 馆藏检索
  • 电子资源
  • 读者导购
  • 参考咨询
  • 我的图书馆
  • 登录
  • 详细信息显示
  • 放入我的书架
  • 预约/预借图书
  • 作者相关作品
  • 分类相关作品
  • 丛书相关作品
  • 出版社相关作品

书目信息

  • 表格格式
  • 工作单格式
  • 卡片格式
题名:
现代农药应用技术丛书
    
 
作者: 孙家隆 , 金静 , 张茹琴 主编
分册:   植物生长调节剂与杀鼠剂卷
出版信息: 北京   化学工业出版社  2020.01
页数: 309页
开本: 20cm.
丛书名:
单 册:
中图分类: S48 , S482.8
科图分类:
主题词: 农药施用--nong yao shi yong--基本知识 , 植物生长调节剂--zhi wu sheng chang tiao jie ji--农药施用 , 杀鼠剂--sha shu ji--农药施用 , 农药施用--nong yao shi yong , 植物生长调节剂--zhi wu sheng chang tiao jie ji , 杀鼠剂--sha shu ji
电子资源:
ISBN: 978-7-122-18779-6
000 01364nam0 2200325 450
001 0109110137
005 20201109110336.0
010    @a978-7-122-18779-6@dCNY26.00
100    @a20140429d2020 em y0chiy50 ea
101 0  @achi
102    @aCN@b110000
105    @ay z 001yy
106    @ar
200 1  @a现代农药应用技术丛书@Axian dai nong yao ying yong ji shu cong shu@i植物生长调节剂与杀鼠剂卷@f孙家隆, 金静, 张茹琴主编
210    @a北京@c化学工业出版社@d2020.01
215    @a309页@d20cm.
330    @a本书在简述植物生长调节剂与杀鼠剂相关常识与应用的基础上,介绍了当前广泛使用的植物生长促进剂、植物生长延缓剂、植物生长抑制剂、乙烯释放剂、脱叶剂、保鲜剂、其他类植物生长调节剂以及杀鼠剂主要品种,品种中介绍了其中英文通用名称、结构式、分子式等,阐述了其作用特点与使用技术。
606 0  @a农药施用@Anong yao shi yong@x基本知识
606 0  @a植物生长调节剂@Azhi wu sheng chang tiao jie ji@x农药施用
606 0  @a杀鼠剂@Asha shu ji@x农药施用
606 0  @a农药施用@Anong yao shi yong
606 0  @a植物生长调节剂@Azhi wu sheng chang tiao jie ji
606 0  @a杀鼠剂@Asha shu ji
690    @aS48@v5
690    @aS482.8@v5
701  0 @a孙家隆@Asun jia long@4主编@f(1964~)
701  0 @a金静@Ajin jing@4主编@c(女,@f1971~)
701  0 @a张茹琴@Azhang ru qin@4主编@c(女,@f1972~)
801  0 @aCN@bBJSZM@c20201103
905    @b1213591-2@dS48@e202@f2
    
    现代农药应用技术丛书.植物生长调节剂与杀鼠剂卷/孙家隆, 金静, 张茹琴主编.-北京:化学工业出版社,2020.01
    309页;20cm.
    
    
    ISBN 978-7-122-18779-6:CNY26.00
    本书在简述植物生长调节剂与杀鼠剂相关常识与应用的基础上,介绍了当前广泛使用的植物生长促进剂、植物生长延缓剂、植物生长抑制剂、乙烯释放剂、脱叶剂、保鲜剂、其他类植物生长调节剂以及杀鼠剂主要品种,品种中介绍了其中英文通用名称、结构式、分子式等,阐述了其作用特点与使用技术。
●
相关链接 在E读中查询图书 在五车中查询图书 在当当中查询图书 在豆瓣中查询图书


正题名:现代农药应用技术丛书     索取号:S48/202         预约/预借

序号 登录号 条形码 馆藏地/架位号 状态 备注
1 1213591   212135919   第二样本阅览室/ [索取号:S48/202] 在馆    
2 1213592   212135928   第三借阅区/ [索取号:S48/202] 在馆    
唐山师范学院图书馆 欢迎您!
大连网信软件有限公司© 版权所有